Central Library OPAC University of Rajshahi

The social psychology of the child with epilepsy / (Record no. 33244)

MARC details
000 -LEADER
fixed length control field 01109nam a2200289 a 4500
001 - CONTROL NUMBER
control field 33244
003 - CONTROL NUMBER IDENTIFIER
rucl marc code BD-RjUL
005 - DATE AND TIME OF LATEST TRANSACTION
control field 20211209051955.0
008 - FIXED-LENGTH DATA ELEMENTS--GENERAL INFORMATION
fixed length control field 140430r1971 enk b 001 0 eng d
020 ## - INTERNATIONAL STANDARD BOOK NUMBER
International Standard Book Number 0710069413
035 ## - SYSTEM CONTROL NUMBER
System control number 0710069413
-- (BD-RjUL) 33335
040 ## - CATALOGING SOURCE
Original cataloging agency DLC
Transcribing agency DLC
Modifying agency BD-RjUL
Language of cataloging eng
041 ## - LANGUAGE CODE
Language code of text/sound track or separate title eng
082 ## - DEWEY DECIMAL CLASSIFICATION NUMBER
Classification number 302
Author mark and year BAS 1971
100 1# - MAIN ENTRY--PERSONAL NAME
Personal name Bagley, Christopher
9 (RLIN) 100944
245 14 - TITLE STATEMENT
Title The social psychology of the child with epilepsy /
Statement of responsibility, etc. Bagley, Christopher
Number of part/section of a work Part One
Name of part/section of a work The problem, the sample and the study
260 ## - PUBLICATION, DISTRIBUTION, ETC. (IMPRINT)
Place of publication, distribution, etc. London :
Name of publisher, distributor, etc. Routledge & Kegan Paul,
Date of publication, distribution, etc. 1971.
300 ## - PHYSICAL DESCRIPTION
Pagination xii, 307 p. ;
Size 23 cm
500 ## - GENERAL NOTE
General note American ed. (Coral Gables, Fla., University of Miami Press) has title: The social psychology of the epileptic child
504 ## - BIBLIOGRAPHY, ETC. NOTE
Bibliography, etc Includes index and Bibliography: p. 277-296
650 #0 - SUBJECT ADDED ENTRY--TOPICAL TERM
Topical term or geographic name as entry element Social psychology
9 (RLIN) 100945
Topical term or geographic name as entry element Child psychology
9 (RLIN) 100946
830 #0 - SERIES ADDED ENTRY--UNIFORM TITLE
Uniform title International library of sociology and social reconstruction (Routledge & Kegan Paul)
942 ## - ADDED ENTRY ELEMENTS (KOHA)
Source of classification or shelving scheme Dewey Decimal Classification
Koha item type Books
Holdings
Lost status Source of classification or shelving scheme Damaged status Not for loan Collection code Permanent Location Current Location Shelving location Date acquired Source of acquisition Cost, normal purchase price Total Checkouts Full call number Date last seen Copy number Koha item type
  Dewey Decimal Classification   Not For Loan Non-fiction Central Library, University of Rajshahi Central Library, University of Rajshahi Reading Room 25/11/1990 Canada 0.00   302 BAS Pt-1 1971 30/04/2014 C-1 Books